| 000 | 00362nam a2200145Ia 4500 | ||
|---|---|---|---|
| 008 | 150201s1993 xx 000 0 und d | ||
| 082 |
_a614.1 _bM93B |
||
| 100 | _aBASU , S.C. | ||
| 245 | _aHB. OF MEDICAL JURISPRUDENCE AND TOXICOLOGY | ||
| 250 | _a2ND | ||
| 260 |
_bCURRENT _aCALCUTTA _c1993 |
||
| 300 | _a1-416 | ||
| 650 | _aFORENSIC MEDICINE | ||
| 942 |
_2ddc _cBK |
||
| 999 |
_c1355 _d1355 |
||